000 00491pam a2200193 a 4500
020 _a9489380206059
_c160.00
041 _aeng
_hNULL
082 _a618.2
_bSOL/DAR
100 _aSOLEPURE, A .
245 _aMANUAL OF MATERNAL MORTALITY /
_cNULL.
_hTextual Documents
260 _aNULL :
_bNATIONAL BOOK DEPO. ,
_c2010.
300 _a136 ;
_cA4.
365 _a160.00
_e1
700 _aDARADE, R .
907 _a9143
930 _a4312
999 _c798846
_d798846
650 _aOBST.GYNE